Scottish Bands - Sudden Death - Statistics

General Stats
  • This quiz has been taken 370 times
    54 since last reset
  • The average score is 7 of 16
Answers on the Grid
Answers color-coded by a green-red scale on the quiz's grid according to % correct below.
Franz Ferdinand
Aztec Camera
Stereophonics
Genesis
The Kooks
The Fratellis
The Cranberries
Motörhead
Travis
Belle and Sebastian
Feeder
Mogwai
Kaiser Chiefs
Chvrches
The Yardbirds
Placebo
The Charlatans
Texas
Biffy Clyro
Camera Obscura
Kasabian
Frightened Rabbit
Arctic Monkeys
Primal Scream
Cocteau Twins
Deacon Blue
Keane
Nazareth
The Verve
Wet Wet Wet
 
Answer Stats
Answer % Correct
Franz Ferdinand
63%
Deacon Blue
54%
Texas
54%
Travis
49%
Wet Wet Wet
49%
Belle and Sebastian
46%
Aztec Camera
44%
Biffy Clyro
41%
The Fratellis
41%
Mogwai
39%
Nazareth
34%
Primal Scream
34%
Camera Obscura
29%
Cocteau Twins
27%
Chvrches
24%
Frightened Rabbit
22%
No matching quizzes found
Score Distribution
Percent of People with Each Score
Percentile by Number Answered
Your Score History
You have not taken this quiz since the last reset